Rynok i privatizacija.
Skúsenosti západných trhových krajín ukazujú, že privatizácia prebieha pomaly, že jej rýchlosť je určená rozsahom úspor súkromných osôb a korporácií. Ak by privatizácia bola nevyhnutnou podmienkou prechodu k trhu, potom by tento proces v Rusku trval niekoľko desaťročí. Pokus dokázať, že vytvorenie t...
Gespeichert in:
| 1. Verfasser: | |
|---|---|
| Format: | Buchkapitel |
| Sprache: | Russisch |
| Schlagworte: | |
| Tags: |
Keine Tags, Fügen Sie das erste Tag hinzu!
|
MARC
| LEADER | 00000naa a2200000 4500 | ||
|---|---|---|---|
| 001 | r010414 | ||
| 005 | 20221130113154.4 | ||
| 041 | 0 | |a rus | |
| 044 | |a [SU] | ||
| 245 | 1 | 0 | |a Rynok i privatizacija. |c V. Kuznecov |
| 520 | |a Skúsenosti západných trhových krajín ukazujú, že privatizácia prebieha pomaly, že jej rýchlosť je určená rozsahom úspor súkromných osôb a korporácií. Ak by privatizácia bola nevyhnutnou podmienkou prechodu k trhu, potom by tento proces v Rusku trval niekoľko desaťročí. Pokus dokázať, že vytvorenie trhovej štruktúry a privatizácia nie sú nevyhnutne spojené, že na počiatku premien stačí efektívne odštátnenie a mechanizmus konkurencie začne pôsobiť. | ||
| 610 | 2 | 0 | |a deetatizácia |
| 610 | 2 | 0 | |a privatizácia |
| 610 | 2 | 0 | |a mechanizmus trhový |
| 610 | 2 | 0 | |a úspory |
| 610 | 2 | 0 | |a obyvateľstvo |
| 610 | 2 | 0 | |a korporácie |
| 610 | 2 | 0 | |a Rusko |
| 610 | 2 | 0 | |a konkurencia |
| 610 | 2 | 0 | |a trh |
| 610 | 2 | 0 | |a vlastníctvo |
| 100 | 1 | |a Kuznecov, V. | |